LEADER 01343nam--2200373---450- 001 990003184230203316 005 20081218160016.0 010 $a978-88-217-2889-1 035 $a000318423 035 $aUSA01000318423 035 $a(ALEPH)000318423USA01 035 $a000318423 100 $a20081218d2008----km-y0itay50------ba 101 $aita 102 $ait 105 $a||||||||001yy 200 1 $aModello di organizzazione, gestione e controllo ex D.Lgs. 231/2001$elinee guida per la redazione, presentazione ed applicazione$eil caso ALPE holding Spa$fAlberto Pesenato 210 $a[Milanofiori, Assago]$cIpsoa$d2008 215 $aXIV, 473 p.$d24 cm$e1 cd-rom 225 2 $aRevisione, controllo e governance 410 0$1001$12001$aRevisione, controllo e governance 606 0 $aAziende$xGestione$xControllo$xGuide pratiche$xCasi[:] Alpe holding Spa$2BNCF 676 $a658.4013 700 1$aPESENATO,$bAlberto$0373934 801 0$aIT$bsalbc$gISBD 912 $a990003184230203316 951 $a658.401 PES 1$b61760 G.$c658.401$d00210900 959 $aBK 969 $aGIU 979 $aCHIARA$b90$c20081218$lUSA01$h1557 979 $aCHIARA$b90$c20081218$lUSA01$h1558 979 $aCHIARA$b90$c20081218$lUSA01$h1600 996 $aModello di organizzazione, gestione e controllo ex D.Lgs. 231$91014272 997 $aUNISA